Obálka Náhled e-knihy:
Epub
Pro půjčování e-knih musíte být přihlášeni.
Jak si půjčit online?

Stvůry /

Detektivní příběh ze současnosti, ve kterém se do pátrání po brutálním vrahovi pouští nejen kriminálka, ale i výtvarník Karafiát.

Uloženo v:
Série:Petr Beránek a Ctirad Karafiát, část
Hlavní autor: Kubát, Luděk, 1952- (Autor)
Médium: E-kniha
Jazyk:Czech
Vydáno: Brno : MOBA, 2016
Vydání:Vydání první
Edice:Původní česká detektivka
Krimi (MOBA)
Témata:
Příbuzné jednotky:Z cyklu:: Petr Beránek a Ctirad Karafiát
Tagy:
Žádné tagy
LEADER 02387nam a2200457 i 4500
001 297684
003 CZ PrSKC
005 20260422063111.0
007 ta
008 160822s2016 xr g 000 f cze
015 |a cnb002828683 
020 |a 9788024371696  |q (vázáno) 
035 |a (OCoLC)958229873 
040 |a BOA001  |b cze  |d ABA001  |e rda 
072 7 |a 821.162.3-3  |x Česká próza  |2 Konspekt 
080 |a 821.162.3-31  |2 MRF 
080 |a (0:82-312.4)  |2 MRF 
100 1 |a Kubát, Luděk,  |d 1952-  |7 mzk2016924358  |4 aut 
245 1 0 |a Stvůry /  |c Luděk Kubát 
250 |a Vydání první 
264 1 |a Brno :  |b MOBA,  |c 2016 
300 |a 228 stran ;  |c 19 cm 
336 |a text  |b txt  |2 rdacontent 
337 |a bez média  |b n  |2 rdamedia 
338 |a svazek  |b nc  |2 rdacarrier 
490 1 |a Původní česká detektivka ;  |v 245. svazek 
490 1 |a Krimi 
520 2 |a Detektivní příběh ze současnosti, ve kterém se do pátrání po brutálním vrahovi pouští nejen kriminálka, ale i výtvarník Karafiát. 
520 2 |a Před více než dvaceti lety byl výtvarník Ctirad Karafiát společně se svou manželkou napaden brutálním útočníkem. On přežil, manželka však na následky krutého napadení zemřela. Karafiát se snaží se ztrátou vyrovnat, po mnoha letech ho však navštíví kriminalistka vyšetřující smrt mladé ženy, která se v mnohém podobá Karafiátovu případu. Ctirad se dozvídá, že jeho případ nebyl tak zcela jasně vysvětlen, jak se dosud domníval a tak se přes důrazné varování členů vyšetřovacího týmu pouští do vyšetřování... 
655 7 |a české romány  |7 fd133974  |2 czenas 
655 7 |a detektivní romány  |7 fd132010  |2 czenas 
655 9 |a Czech fiction  |2 eczenas 
655 9 |a detective novels  |2 eczenas 
787 0 8 |i Z cyklu:  |t Petr Beránek a Ctirad Karafiát 
830 0 |a Původní česká detektivka 
830 0 |a Krimi (MOBA) 
900 |a ABA001  |b 19 
044 |a xr 
910 |a RBIT002 
998 |d 175059  |a https://core.palmknihy.cz/api/books/175059/cover?6ail4r  |b https://core.palmknihy.cz/api/books/175059/cover/400?krsglo  |c https://core.palmknihy.cz/api/books/175059/cover/50?jqssk2  |e 2032-04-07  |g 232  |i 9788024371696  |j https://core.palmknihy.cz/api/books/175059/preview.epub  |l   |q 49  |r 1  |s https://www.palmknihy.cz/kniha/175059  |t ebook  |y 2017  |z 0  |v Petr Beránek a Ctirad Karafiát  |w 1 
999 |d 297682